5HLuxD.jpg

KING HENRY VIII SENIOR AND PRIMARY SCHOOL LIBRARY OPAC

My funny family gets bigger (Record no. 3578)

000 -LEADER
fixed length control field 00734nam a22002177a 4500
005 - DATE AND TIME OF LATEST TRANSACTION
control field 20240226110454.0
008 - FIXED-LENGTH DATA ELEMENTS--GENERAL INFORMATION
fixed length control field 240226b ||||| |||| 00| 0 eng d
020 ## - INTERNATIONAL STANDARD BOOK NUMBER
International Standard Book Number 9780340989869
040 ## - CATALOGING SOURCE
Transcribing agency KH8
082 ## - DEWEY DECIMAL CLASSIFICATION NUMBER
Classification number FIC HIG
100 ## - MAIN ENTRY--PERSONAL NAME
Personal name Higgins, Chris
Relator term Author
245 ## - TITLE STATEMENT
Title My funny family gets bigger
Statement of responsibility, etc. Chris Higgins
260 ## - PUBLICATION, DISTRIBUTION, ETC.
Place of publication, distribution, etc. London,
Name of publisher, distributor, etc. Hodder Children's Books,
Date of publication, distribution, etc. 2013
300 ## - PHYSICAL DESCRIPTION
Extent 136 pages :
Other physical details illustrations ;
Dimensions 20 cm.
520 ## - SUMMARY, ETC.
Summary, etc. The third book in the hilarious and heart-warming young series about the chaotic life of the Butterfield family
650 ## - SUBJECT ADDED ENTRY--TOPICAL TERM
Topical term or geographic name entry element Birth Juvenile fiction
650 ## - SUBJECT ADDED ENTRY--TOPICAL TERM
Topical term or geographic name entry element Children's fiction
650 ## - SUBJECT ADDED ENTRY--TOPICAL TERM
Topical term or geographic name entry element Children's humorous fiction
700 ## - ADDED ENTRY--PERSONAL NAME
Personal name Lee Wildish
Relator term Illustrator
942 ## - ADDED ENTRY ELEMENTS (KOHA)
Source of classification or shelving scheme
Koha item type Books - Fiction
Holdings
Withdrawn status Lost status Source of classification or shelving scheme Damaged status Not for loan Collection code Permanent Location Current Location Shelving location Date acquired Total Checkouts Full call number Barcode Date last seen Date last checked out Price effective from Koha item type
          Fiction KH8 Primary School Library KH8 Primary School Library Fiction 2024-02-26 1 FIC HIG KHPL000004493 2025-12-05 2024-09-05 2024-02-26 Books - Fiction

Powered By KH8 IT Dept